000 00268nam a2200109Ia 4500
008 190216s9999||||xx |||||||||||||| ||und||
100 _aVaikam Muhammed Basheer
245 0 _aMalayalam-Jeevitha Nizhal Padukal
260 _bDc Books
650 _aMalayalam
942 _cBK
999 _c26164
_d26164